| 000 | 00392pab a2200145 454500 | ||
|---|---|---|---|
| 008 | 180718b1985 xxu||||| |||| 00| 0 eng d | ||
| 100 | _aHann, C.M. | ||
| 245 |
_aRural transformation in the East Blaack Sea Coast of Turkey _bA note on Keyder |
||
| 260 | _c1985 | ||
| 300 | _a101-10 | ||
| 362 | _aJuly | ||
| 650 | _aLand Tenure - Turkey | ||
| 773 | _aJr. of Peasants Studies | ||
| 909 | _a12146 | ||
| 999 |
_c12146 _d12146 |
||